Vlaamse Regering & Ministers - Statistieken

Algemene statistieken
  • Deze quiz is 216 keer genomen
  • De gemiddelde score is 7 van 9
Antwoordstatistieken
Partij Bevoegdheden Naam % Correct
N-VA Minister van Onderwijs, Justitie en Werk Zuhal Demir
93%
N-VA Minister-president, Minister van Economie, Innovatie en Industrie, Buitenlandse Zaken, Digitalisering en Facilitair Management Matthias Diependaele
89%
N-VA Viceminister-president, Minister van Begroting en Financiën, Vlaamse Rand, Onroerend Erfgoed en Dierenwelzijn Ben Weyts
84%
N-VA Minister van Brussel en Media Cieltje Van Achter
75%
Vooruit Minister van Welzijn en Armoedebestrijding, Cultuur en Gelijke Kansen Caroline Gennez
71%
Vooruit Viceminister-president, Minister van Wonen, Energie, Klimaat, Toerisme en Jeugd Melissa Depraetere
71%
CD&V Minister van Omgeving en Landbouw Jo Brouns
68%
N-VA Minister van Mobiliteit, Openbare Werken, Havens en Sport Annick De Ridder
60%
CD&V Viceminister-president, Minister van Binnenland, Steden- en Plattelandsbeleid, Samenleven, Integratie en Inburgering, Bestuurszaken, Sociale Economie en Zeevisseri Hilde Crevits
60%
Geen overeenkomende quizzen gevonden
Scoreverdeling
Procent van Mensen met Elke Score
Percentiel versus Aantal Correcte Antwoorden
Uw Scoregeschiedenis
U heeft deze quiz nog niet genomen